Las Claves del Altillo 1. Matemáticas y Lenguaje

Serie de videos que buscar enseñar matemáticas y lenguaje de manera lúdica. Las historias transcurren en un altillo donde un niño y una niña, tres títeres (Ambrosio, Bocón y Ruca) y dos ratones, resuelven situaciones de la vida diaria a través de operaciones matemáticas y usos cotidianos del español...

Полное описание

Сохранить в:
Библиографические подробности
Формат: Перемещать Глава книги
Язык:Spanish
Опубликовано: s.l. IDEP en convenio con CORPOEDUCACIÓN, 2000.
Серии:Las Claves del Altillo
Предметы:
Online-ссылка:Enlace del recurso
Метки: Добавить метку
Нет меток, Требуется 1-ая метка записи!

MARC

LEADER 00000aga a2200000 4500
001 001595
003 CO-BoIIE
005 20250505114714.0
008 081230p2000 ck spa
999 |c 3747  |d 3747 
040 |a CO-BoIIE  |b SPA  |e RCAA 
084 |a DVD/001 
245 1 4 |a Las Claves del Altillo  |c Clemencia Chiape...[et al]  |b 1. Matemáticas y Lenguaje  
260 |a s.l.  |b IDEP en convenio con CORPOEDUCACIÓN,  |c 2000.  
300 |a 1 DVD; 
306 |a 34:10 minutos 
440 4 |a Las Claves del Altillo  |9 17358 
500 |a Dirigido a niños y niñas estudiantes de 1ª 5 grado 
504 |a Bibliografía:  
505 |a Contiene: Seis capítulos.I.“En que consiste el sistema binario”. II.“En que consiste el sistema de numeración maya”.III. “¿Sabes cómo representar fichas de diagramas de barras?” IV.“¿Cómo así que con la comunicación también podemos divertirnos?” V.“No entiendo nada, ¿De qué están hablando?” VI.“Pero, ¿Para que nos sirve la comunicación?”. 
508 |a Chiape, Clemencia; Dussán, María Cristina, Romero, María Eugenia; Fernández, Isabel, Ortiz, María; Guzmán Rosa Julia 
520 |a Serie de videos que buscar enseñar matemáticas y lenguaje de manera lúdica. Las historias transcurren en un altillo donde un niño y una niña, tres títeres (Ambrosio, Bocón y Ruca) y dos ratones, resuelven situaciones de la vida diaria a través de operaciones matemáticas y usos cotidianos del español. 
650 |a MATEMÁTICAS  |9 2945 
650 |a ESPAÑOL  |9 17359 
650 |a METODOS DE ENSEÑANZA --  |x MATEMÁTICAS -- ESPAÑOL  |9 17361 
942 |2 LOC  |c DVD  |h DVD/001  |6 DVD_001_000000000000000 
856 |u https://catalogo.idep.edu.co/cgi-bin/koha/opac-detail.pl?biblionumber=3747  |z Enlace del recurso